| 000 | 00659nam a22002297a 4500 | ||
|---|---|---|---|
| 003 | UA-OsUOA | ||
| 001 | 47615 | ||
| 007 | ta | ||
| 008 | 20070813b un ||||| |||| 00| 0 ukr d | ||
| 100 | _aСамолюк В. | ||
| 090 |
_a347.9 _bС17 |
||
| 942 | _cBK | ||
| 040 |
_aUA-OsUOA _bukr _cUA-OsUOA _dUA-OsUOA |
||
| 245 |
_aЦивільний процес _bНавчально-методичний посібник. Загальна частина |
||
| 300 | _a103 с. | ||
| 955 | _a2 | ||
| 041 | _aukr | ||
| 080 | _a347.9 | ||
| 260 |
_aОстрог _c2005 |
||
| 650 | 7 |
_a347 Цивільне право. Судовий устрій _2UDC |
|
| 999 |
_c333718 _d333718 |
||